000 00335nam a2200133Ia 4500
008 240624s9999 xx 000 0 und d
041 _aeng
082 _a658.4012 JOH
100 _aJARZABKOWSKI PAULA
245 _aSTRATEGY AS PRACTICE AN ACTIVITY BASED A
260 _c2005
_bSage Publications
300 _a216 : p.
365 _c
_b28
999 _c20930
_d20930